<The> Models of sickness insurance

Guardado en:
Detalles Bibliográficos
Autor principal: Škrovánková, Lea, 1954-
Otros Autores: Simonka, Zsolt, 1974-
Formato: Capítulo de libro
Lenguaje:inglés
Etiquetas: Agregar Etiqueta
Sin Etiquetas, Sea el primero en etiquetar este registro!

MARC

LEADER 00000naa$a2200000$$$4500
001 0237420
005 20240502073832.3
041 0 |a eng 
044 |a SK 
245 1 0 |a <The> Models of sickness insurance  |c Lea Škrovánková, Zsolt Simonka 
500 |a Abstrakt 
100 1 |a Škrovánková, Lea, 1954- 
700 1 |a Simonka, Zsolt, 1974-